000 00659nam a2200217 a 4500
005 20210223133423.0
008 171017s1994 es r 000 0 spa d
020 _a8421622935
035 _aUPN01000221056
049 _aI
050 4 _aQC994
_bG3.3a
100 1 _aGaneri, Anita,
_d1961-
_933204
245 1 0 _aAtlas visual de los oceános /
_cAnita Ganeri ; il. Luciano Carbella ; tr. Juan Santisteban.
260 _aMadrid :
_bBruño,
_c1994.
300 _a63 p. :
_bil. col.
650 4 _aOCEANO -
_vATLAS
_923124
650 4 _aOCEANO -
_vLITERATURA INFANTIL
_911223
650 4 _aCONTAMINACION MARINA
_924617
905 _aInfantil
999 _c193155
_d193155